Vývoj a zhodnotenie účtovníctva podnikov a spoločností v nadväznosti na vývoj čsl. daňovej sústavy. 5.

Obdobie účtovníctva ČSFR od roku 1972-1980. Zákony, vyhlášky a smernice upravujúce oblasť sociálno-ekonomických informácií. Systém národohospodárskej evidencie nahradený JSSEI (Jednotnou sústavou sociálno-ekonomických informácií). Rok 1976 - zmeny v oblasti účtovníctva za účelom zdokonalenia v rámci...

Ausführliche Beschreibung

Gespeichert in:
Bibliographische Detailangaben
1. Verfasser: Masaryk, A.
Format: Buchkapitel
Sprache:Slowakisch
Schlagworte:
Tags: Tag hinzufügen
Keine Tags, Fügen Sie das erste Tag hinzu!

MARC

LEADER 00000naa a2200000 4500
001 r012736
005 20220826095039.3
041 0 |a slo 
044 |a CZ 
245 1 0 |a Vývoj a zhodnotenie účtovníctva podnikov a spoločností v nadväznosti na vývoj čsl. daňovej sústavy. 5.  |c A. Masaryk 
520 |a Obdobie účtovníctva ČSFR od roku 1972-1980. Zákony, vyhlášky a smernice upravujúce oblasť sociálno-ekonomických informácií. Systém národohospodárskej evidencie nahradený JSSEI (Jednotnou sústavou sociálno-ekonomických informácií). Rok 1976 - zmeny v oblasti účtovníctva za účelom zdokonalenia v rámci toho istého systému riadenia. 
610 2 0 |a účtovníctvo 
610 2 0 |a ČSFR 
610 2 0 |a 1972-1980 
610 2 0 |a predpisy právne 
610 2 0 |a JSSEI 
100 1 |a Masaryk, A.